| 000 | 01079na a2200325 4500 | ||
|---|---|---|---|
| 001 | 20500 | ||
| 003 | MIRAKIL | ||
| 005 | 20181213155251.0 | ||
| 008 | 170123b tu 000 0 | ||
| 020 | _a9786053990123 | ||
| 035 | _a20500 | ||
| 040 |
_aMilas _btur _cTR-AnCHP |
||
| 041 | _atur | ||
| 082 |
_a303.483 _bC27e 2007 |
||
| 090 | _a303.483 C27e 2007 | ||
| 100 | _aCastells, Manuel | ||
| 245 |
_aEnformasyon çağı: ekonomi, toplum ve kültür _bbinyılın sonu _cManuel Castells ; çeviri Ebru Kılıç; yayına hazırlayan Aslı Telli |
||
| 260 |
_aİstanbul _bİstanbul Bilgi Üniversitesi Yayınları _c2007 |
||
| 300 |
_avii, 571 s. _bres. _c23 sm. |
||
| 440 |
_aİstanbul Bilgi Üniversitesi yayınları _v190 |
||
| 490 |
_aBilgi ve Toplum _v4 |
||
| 500 | _aKütüphanemizde 3. cilt bulunmaktadır. | ||
| 504 | _aKaynakça ve dizin var. | ||
| 650 |
_aToplumsal değişim _xKültür |
||
| 650 |
_aToplumsal değişim _xEkonomi |
||
| 650 |
_aToplumsal değişim _xBilgi toplumu |
||
| 700 | _aTelli, Aslı | ||
| 700 | _aKılıç, Ebru | ||
| 942 |
_2ddc _cBKS |
||
| 999 |
_c9562 _d9562 |
||